| 000 | 00527 a2200169 4500 | ||
|---|---|---|---|
| 003 | OSt | ||
| 005 | 20230920132951.0 | ||
| 008 | 230920b |||||||| |||| 00| 0 eng d | ||
| 020 | _a9789350975695 | ||
| 040 | _coclc | ||
| 082 |
_a300.072 _bKRI/M |
||
| 100 | 1 |
_aKrishnaswamy, O. R. _9858 |
|
| 245 |
_aMethodology of research in social sciences / _cO R Krishnaswami, M Ranganathan |
||
| 260 |
_aIndia: _bHimalaya Publishing, _c2022. |
||
| 300 | _a445 p | ||
| 942 |
_2ddc _cBK _h300.072 _iKRI/M _k300.072 _mKRI/M |
||
| 999 |
_c42271 _d42271 |
||